[Event "Vaujany 2019 Principal"]
[Site "Vaujany"]
[Date "2019.07.11"]
[Round "1.1"]
[White "Aflalo, S.."]
[Black "Turov, Maxim"]
[Result "0-1"]
[WhiteElo "2094"]
[BlackElo "2566"]
[PlyCount "72"]
[EventDate "2019.07.??"]
[EventRounds "9"]

1. c4 e5 2. Nc3 Nf6 3. g3 Bb4 4. Bg2 O-O 5. Nf3 Re8 6. O-O h6 7. d3 Bxc3 8.
bxc3 c6 9. e4 d5 10. exd5 cxd5 11. cxd5 Nxd5 12. Bb2 Nc6 13. Re1 Bf5 14. a3 Nb6
15. d4 exd4 16. cxd4 Rxe1+ 17. Qxe1 Na4 18. d5 Qxd5 19. Nd4 Qd7 20. Nxc6 bxc6
21. Be5 Re8 22. Qa5 Nb6 23. Qc3 Na4 24. Qa5 c5 25. Bf4 Be4 26. Bxe4 Rxe4 27.
Be3 Re5 28. Rb1 Rd5 29. Rb5 Rd1+ 30. Kg2 Qd5+ 31. Kh3 Qf5+ 32. Kg2 Qe4+ 33. Kh3
Rd5 34. f4 Rh5+ 35. Kg4 f5+ 36. Kxh5 Qf3+ 0-1

[Event "Vaujany 2019 Principal"]
[Site "?"]
[Date "2019.07.11"]
[Round "1.2"]
[White "Bailet, Pierre"]
[Black "Berta, Sandor"]
[Result "1-0"]
[WhiteElo "2494"]
[BlackElo "2091"]
[PlyCount "59"]

{[%evp 0,59,17,17,95,75,82,41,82,71,80,48,67,72,99,79,89,89,131,106,105,97,86,
94,100,89,94,73,98,87,68,6,72,-80,-32,-37,-37,47,56,32,57,38,50,38,87,93,100,
92,100,100,199,187,240,225,225,212,217,199,342,312,315,320]} 1. e4 g6 2. d4 Bg7
3. Nf3 c6 4. Bd3 d5 5. e5 Bg4 6. Nbd2 e6 7. h3 Bxf3 8. Nxf3 h5 9. O-O Bh6 10.
Be3 Nd7 11. Qd2 Bxe3 12. fxe3 Nh6 13. c4 dxc4 14. Bxc4 g5 15. Qb4 g4 16. Nd2
Qg5 17. Rf2 Qxe3 18. Bxe6 Nb6 19. Qb3 Qxb3 20. Bxb3 O-O-O 21. Rf4 Nd5 22. Bxd5
Rxd5 23. Ne4 Rhd8 24. Rf6 Ng8 25. Rxf7 Rxd4 26. Nd6+ Kb8 27. Rxb7+ Ka8 28. Rg7
Nf6 29. exf6 R4xd6 30. f7 1-0

[Event "Vaujany 2019 Principal"]
[Site "?"]
[Date "2019.07.11"]
[Round "1.3"]
[White "Kaloczi, Kristof"]
[Black "Bokros, Albert"]
[Result "0-1"]
[WhiteElo "2091"]
[BlackElo "2472"]
[PlyCount "72"]

{[%evp 0,72,17,-19,-13,-13,-9,-20,12,-8,-17,-8,11,-10,2,3,0,0,51,-25,-20,-25,
-34,-54,60,-10,-10,-35,-3,-20,-29,17,1,2,24,-13,45,-9,17,-10,2,-42,-9,-58,-60,
-65,-100,-87,-93,-116,-134,-123,-129,-108,-146,-134,-150,-168,-168,-151,-151,
-154,-160,-245,-212,-236,-288,-306,-358,-29991,-29992,-29993,-29994,-29999,
-30000]} 1. b3 Nf6 2. Bb2 e6 3. e3 b6 4. f4 Bb7 5. Nf3 c5 6. Be2 d6 7. O-O Nc6
8. a3 g6 9. Qe1 Bg7 10. Qh4 O-O 11. g4 Ne8 12. Bxg7 Qxh4 13. Nxh4 Nxg7 14. d3
f5 15. gxf5 gxf5 16. Nd2 Kh8 17. h3 e5 18. Rae1 d5 19. fxe5 Nxe5 20. Nhf3 Ng6
21. c4 f4 22. e4 dxe4 23. dxe4 Rad8 24. Bd1 Rd3 25. Bc2 Rc3 26. Bb1 Ne6 27. Kh2
Rd8 28. Re2 Nd4 29. Nxd4 cxd4 30. Rf3 Re3 31. Ref2 d3 32. b4 Bc8 33. Ba2 Nh4
34. Rxf4 Rxh3+ 35. Kg1 Rg8+ 36. Kf1 Rh1# 0-1

[Event "Vaujany 2019 Principal"]
[Site "?"]
[Date "2019.07.11"]
[Round "1.4"]
[White "Horváth, József"]
[Black "Llapasset, Jean-Louis"]
[Result "1-0"]
[WhiteElo "2451"]
[BlackElo "2075"]
[PlyCount "95"]

1. c4 e5 2. g3 Nc6 3. Bg2 Nf6 4. Nc3 Bb4 5. Nd5 Bc5 6. e3 d6 7. Ne2 a6 8. O-O
O-O 9. b3 Bg4 10. h3 Bxe2 11. Qxe2 Nxd5 12. cxd5 Ne7 13. Bb2 f5 14. Rac1 Bb6
15. Kh2 Qd7 16. f4 e4 17. g4 Rae8 18. Qc4 Ng6 19. Rg1 Re7 20. Bh1 fxg4 21. Rxg4
Qe8 22. Rcg1 Rff7 23. R1g3 Qb5 24. Qxb5 axb5 25. h4 Ba5 26. h5 Nf8 27. f5 Nd7
28. Rxe4 Rxe4 29. Bxe4 Bxd2 30. h6 Ne5 31. Bd4 Kf8 32. Rg2 Bc1 33. hxg7+ Rxg7
34. Rxg7 Kxg7 35. Kg3 Kf7 36. Kf4 Kf6 37. Bd3 b4 38. Be2 Bd2 39. Ba7 c5 40. Bb8
Ke7 41. f6+ Kxf6 42. Bxd6 Nd7 43. Bb5 Nb6 44. Ke4 Bxe3 45. Kxe3 Nxd5+ 46. Kd3
b6 47. Bc4 Ke6 48. Bxc5 1-0

[Event "Vaujany 2019 Principal"]
[Site "Vaujany"]
[Date "2019.07.11"]
[Round "1.5"]
[White "Pillard, Valentin"]
[Black "Womacka, Mathias"]
[Result "0-1"]
[WhiteElo "2075"]
[BlackElo "2449"]
[PlyCount "52"]
[EventDate "2019.07.??"]
[EventRounds "9"]

1. e4 c5 2. Nf3 d6 3. d4 cxd4 4. Qxd4 Nc6 5. Bb5 Bd7 6. Bxc6 Bxc6 7. Nc3 Nf6 8.
Bg5 e6 9. O-O-O Be7 10. Qd3 Qa5 11. h4 h6 12. Bf4 e5 13. Be3 b5 14. Nd2 O-O 15.
f3 b4 16. Nb3 Qc7 17. Nb5 Qb8 18. Nxd6 Rd8 19. Qc4 Rxd6 20. Rxd6 Bb5 21. Qxb4
Bxd6 22. Bc5 a5 23. Qa3 Bxc5 24. Nxc5 Qb6 25. Qc3 Rc8 26. Na4 Qa6 0-1

[Event "Vaujany 2019 Principal"]
[Site "?"]
[Date "2019.07.11"]
[Round "1.6"]
[White "Varga, Zoltan"]
[Black "Frantz, Nicolas"]
[Result "1/2-1/2"]
[WhiteElo "2445"]
[BlackElo "2059"]
[PlyCount "86"]

{[%evp 0,73,29,29,40,40,45,45,48,32,48,26,32,19,27,15,19,5,-5,4,-9,-1,-8,-25,
-20,-7,-4,-15,-8,-63,-44,-84,-51,-56,-63,-84,-60,-89,-76,-81,-10,-82,-34,-67,
-33,-32,4,36,17,20,18,20,20,18,48,20,35,43,37,40,37,25,8,26,57,51,46,28,52,51,
42,27,31,31,31,67]} 1. e4 c5 2. Nf3 Nc6 3. Bb5 e6 4. Bxc6 bxc6 5. O-O Ne7 6.
Re1 Ng6 7. b3 Be7 8. Bb2 O-O 9. d3 f6 10. Nbd2 e5 11. Nf1 d6 12. Ng3 f5 13.
exf5 Bxf5 14. Nd2 Be6 15. Ndf1 Qd7 16. f3 Rf7 17. Bc1 Raf8 18. Be3 Nh4 19. Nd2
g5 20. Rf1 Kg7 21. Qe2 g4 22. f4 exf4 23. Rxf4 Rxf4 24. Nh5+ Kg8 25. Nxf4 Bf5
26. Rf1 Ng6 27. Nh5 Qe6 28. Ng3 Bh4 29. Nxf5 Rxf5 30. Ne4 Rxf1+ 31. Kxf1 Ne5
32. Bf4 Bf6 33. Nf2 h5 34. h3 gxh3 35. gxh3 Qf5 36. Qe4 Qe6 37. Bxe5 Qxe5 38.
Qg6+ Kf8 39. Ne4 Qf4+ 40. Ke2 Qh2+ 41. Kd1 Qh1+ 42. Kd2 Qh2+ 43. Kd1 Qh1+
1/2-1/2

[Event "Vaujany 2019 Principal"]
[Site "Vaujany"]
[Date "2019.07.11"]
[Round "1.7"]
[White "Van Forest, M.."]
[Black "Turova, Irina"]
[Result "1/2-1/2"]
[WhiteElo "2058"]
[BlackElo "2418"]
[PlyCount "46"]
[EventDate "2019.07.??"]
[EventRounds "9"]

1. e4 e5 2. Nf3 Nc6 3. Bc4 Bc5 4. c3 Nf6 5. d3 d6 6. Bb3 a6 7. h3 h6 8. Nbd2
Ba7 9. Nf1 Nh5 10. g3 Nf6 11. g4 d5 12. Qe2 d4 13. g5 hxg5 14. Nxg5 Rf8 15. Ng3
Qe7 16. Nh5 Nxh5 17. Qxh5 Na5 18. Bxf7+ Rxf7 19. Nxf7 Qxf7 20. Qh8+ Qf8 21.
Qh5+ Qf7 22. Qh8+ Qf8 23. Qh5+ Qf7 1/2-1/2

[Event "Vaujany 2019 Principal"]
[Site "Vaujany"]
[Date "2019.07.11"]
[Round "1.8"]
[White "Sundararajan, Kidambi"]
[Black "Thurillet, Vincent"]
[Result "1-0"]
[WhiteElo "2413"]
[BlackElo "2057"]
[PlyCount "65"]
[EventDate "2019.07.??"]
[EventRounds "9"]

1. Nf3 Nf6 2. c4 e6 3. g3 d5 4. Bg2 c5 5. cxd5 Nxd5 6. O-O Be7 7. d4 O-O 8.
dxc5 Nc6 9. a3 Bxc5 10. Qc2 Qe7 11. b4 Bb6 12. Bb2 a5 13. b5 Na7 14. Nc3 Nxc3
15. Qxc3 f6 16. a4 Bc5 17. Rac1 b6 18. Ng5 Rb8 19. Ne4 Bb4 20. Qc7 Bb7 21. Qxe7
Bxe7 22. Rc7 Bxe4 23. Bxe4 Nc8 24. Bc2 Bd6 25. Rd7 Be7 26. Bb3 Kf7 27. Rfd1 Ra8
28. f4 g6 29. e4 Ra7 30. f5 Rxd7 31. fxe6+ Kg7 32. exd7 Bc5+ 33. Bd4 1-0

[Event "Vaujany 2019 Principal"]
[Site "Vaujany"]
[Date "2019.07.11"]
[Round "1.10"]
[White "Neelotpal, Das"]
[Black "Grandy, Aurelien"]
[Result "1-0"]
[WhiteElo "2406"]
[BlackElo "2050"]
[PlyCount "53"]
[EventDate "2019.07.??"]
[EventRounds "9"]

1. e4 e5 2. Nf3 Nc6 3. Bc4 Nf6 4. d3 Be7 5. O-O O-O 6. Re1 d6 7. a4 a5 8. Nbd2
Bg4 9. h3 Bh5 10. c3 Qd7 11. Nf1 Nd8 12. Ng3 Bg6 13. Nh4 Kh8 14. Qf3 c6 15.
Nhf5 b5 16. axb5 cxb5 17. Bxb5 Qxb5 18. Nxe7 Ne6 19. Nef5 Rfd8 20. Nxg7 Kxg7
21. Bh6+ Kxh6 22. Qxf6 Ng7 23. h4 Ne6 24. f3 Qb6+ 25. Kh1 Qf2 26. Nf5+ Kh5 27.
g4# 1-0

[Event "Vaujany 2019 Principal"]
[Site "Vaujany"]
[Date "2019.07.11"]
[Round "1.11"]
[White "Bailleul, Adrien"]
[Black "Joie, Sebastien"]
[Result "0-1"]
[WhiteElo "2040"]
[BlackElo "2402"]
[PlyCount "42"]
[EventDate "2019.07.??"]
[EventRounds "9"]

1. e4 Nf6 2. e5 Nd5 3. b3 d6 4. exd6 Qxd6 5. Bb2 Bf5 6. Nf3 Nc6 7. Na3 O-O-O 8.
Nc4 Qe6+ 9. Ne3 Ncb4 10. Rc1 Nxe3 11. fxe3 Qe4 12. Bd3 Rxd3 13. Ba3 Rd7 14. O-O
e6 15. Ng5 Qh4 16. Nf3 Qe4 17. Ng5 Qc6 18. Rf4 Nd5 19. Rc4 Nxe3 20. dxe3 Rxd1+
21. Rxd1 Qxc4 0-1

[Event "Vaujany 2019 Principal"]
[Site "?"]
[Date "2019.07.11"]
[Round "1.12"]
[White "Di Nicolantonio, Lucas"]
[Black "Lemasle, Raphael"]
[Result "1/2-1/2"]
[WhiteElo "2396"]
[BlackElo "2039"]
[PlyCount "52"]

1. e4 c5 2. Nf3 e6 3. d4 cxd4 4. Nxd4 a6 5. Bd3 Nf6 6. O-O Qc7 7. Qe2 d6 8. Kh1
Be7 9. f4 Nbd7 10. c4 O-O 11. Nc3 b6 12. Bd2 g6 13. Rae1 Bb7 14. e5 Ne8 15. f5
exf5 16. e6 Ne5 17. Bh6 Bh4 18. Rc1 Ng7 19. Nd5 Bxd5 20. cxd5 Qb7 21. Bxg7 Kxg7
22. Bxf5 Qxd5 23. Rfd1 Qxa2 24. exf7 gxf5 25. Nxf5+ Kh8 26. Nxh4 Qxf7 1/2-1/2

[Event "Vaujany 2019 Principal"]
[Site "Vaujany"]
[Date "2019.07.11"]
[Round "1.14"]
[White "Valles, Manuel"]
[Black "Kantzen, Romain"]
[Result "1-0"]
[WhiteElo "2390"]
[BlackElo "2017"]
[PlyCount "87"]
[EventDate "2019.07.??"]
[EventRounds "9"]

1. d4 Nf6 2. c4 e6 3. Nf3 Bb4+ 4. Nbd2 O-O 5. a3 Bxd2+ 6. Qxd2 d6 7. g3 Nbd7 8.
Bg2 e5 9. O-O a5 10. b3 Qe7 11. Bb2 e4 12. Ng5 h6 13. Nh3 c6 14. a4 Re8 15. f3
exf3 16. exf3 Qe3+ 17. Qxe3 Rxe3 18. Ra3 d5 19. c5 Nf8 20. Kf2 Bxh3 21. Bxh3
Rae8 22. Kg2 Rd3 23. Rf2 Ree3 24. Bc8 Rxb3 25. Rxb3 Rxb3 26. Bc1 Ne6 27. Rb2
Nxd4 28. Bxb7 Rc3 29. Bd2 Rxc5 30. Be3 Rc2+ 31. Rxc2 Nxc2 32. Bb6 d4 33. Bxc6
d3 34. Kf2 Nb4 35. Bb5 Nfd5 36. Bxa5 Nc3 37. Bxb4 d2 38. Be2 d1=Q 39. Bxd1
Nxd1+ 40. Ke2 Nb2 41. a5 Na4 42. Kd3 Nb2+ 43. Kd4 Na4 44. Bc5 1-0

[Event "Vaujany 2019 Principal"]
[Site "Vaujany"]
[Date "2019.07.11"]
[Round "1.16"]
[White "Konguvel, P.."]
[Black "Mulligan, Scott"]
[Result "1-0"]
[WhiteElo "2343"]
[BlackElo "2009"]
[PlyCount "71"]
[EventDate "2019.07.??"]
[EventRounds "9"]

1. e4 c6 2. d4 d5 3. Nc3 dxe4 4. Nxe4 Bf5 5. Ng3 Bg6 6. h4 h6 7. Nf3 Nd7 8. h5
Bh7 9. Bd3 Bxd3 10. Qxd3 e6 11. Bd2 Ngf6 12. O-O-O Be7 13. Kb1 a5 14. Ne4 Nxe4
15. Qxe4 Nf6 16. Qe2 Qd5 17. Be3 b5 18. Ne5 b4 19. f3 a4 20. g4 a3 21. b3 Qd6
22. Qc4 Nd5 23. Bd2 Rc8 24. f4 Nb6 25. Qd3 Rd8 26. g5 hxg5 27. fxg5 Qxd4 28.
Qxd4 Rxd4 29. Nxc6 Rg4 30. g6 f6 31. Rhe1 e5 32. Be3 Nd7 33. Rd5 Re4 34. Red1
Rxe3 35. Rxd7 O-O 36. Nxe7+ 1-0

[Event "Vaujany 2019 Principal"]
[Site "?"]
[Date "2019.07.11"]
[Round "1.19"]
[White "Dreux, Vincent"]
[Black "Gelas, Christophe"]
[Result "0-1"]
[WhiteElo "1978"]
[BlackElo "2317"]
[PlyCount "74"]

{[%evp 0,74,22,-2,37,9,20,16,36,40,44,35,55,49,56,52,52,45,62,43,43,-4,4,-1,0,
-21,-24,-35,-27,-57,-37,-82,-69,-86,-61,-30,-74,-162,-149,-49,-55,-71,-72,-72,
-72,-60,-60,-60,-39,-98,-98,-111,-95,-96,-87,-94,-96,-99,-108,-148,-154,-183,
-169,-189,-198,-224,-158,-149,-188,-249,-198,-246,-218,-250,-273,-730,-746]} 1.
c4 c6 2. e3 d5 3. d4 Nf6 4. Nc3 e6 5. Bd3 dxc4 6. Bxc4 Nbd7 7. Nf3 b5 8. Bd3
Bd6 9. O-O O-O 10. Ne4 Nxe4 11. Bxe4 Bb7 12. b3 f5 13. Bd3 e5 14. e4 exd4 15.
Nxd4 fxe4 16. Ne6 Qf6 17. Nxf8 Nxf8 18. Bxe4 Rd8 19. Qe2 Qxa1 20. Bg5 Qe5 21.
Bxh7+ Kxh7 22. Qxe5 Bxe5 23. Bxd8 c5 24. Re1 Nd7 25. Rd1 Bc6 26. Rc1 Bd5 27.
Ba5 c4 28. bxc4 bxc4 29. Kf1 Nc5 30. Rd1 Be4 31. Ke2 Bxg2 32. f3 Bh3 33. Rd5
Nd3 34. Ke3 Be6 35. Rd8 Kg6 36. Ra8 Bxh2 37. Rxa7 Bg1+ 0-1

[Event "Vaujany 2019 Principal"]
[Site "?"]
[Date "2019.07.11"]
[Round "1.26"]
[White "Geher, Koppany"]
[Black "Chabaud, Mathis"]
[Result "1-0"]
[WhiteElo "2211"]
[BlackElo "1905"]
[PlyCount "93"]

{[%evp 0,79,22,22,64,47,36,48,21,24,33,37,32,26,21,2,1,17,0,-2,1,17,10,7,32,7,
23,-1,-5,-3,34,36,37,27,38,32,31,-3,-3,0,15,4,0,0,25,-2,10,29,34,20,40,19,9,8,
42,51,63,58,82,64,132,102,121,138,159,222,234,114,178,83,83,40,160,179,181,163,
251,200,301,262,265,313]} 1. e4 c5 2. Nf3 Nc6 3. d4 cxd4 4. Nxd4 e5 5. Nb5 d6
6. N1c3 a6 7. Na3 b5 8. Nd5 Nge7 9. c4 Nd4 10. Bd3 Nxd5 11. cxd5 g6 12. O-O Bg7
13. Be3 O-O 14. Nc2 Nxc2 15. Qxc2 Bd7 16. Rac1 Rc8 17. Qd2 f5 18. exf5 gxf5 19.
f3 Qe7 20. Bg5 Bf6 21. Bxf6 Qxf6 22. a4 Kh8 23. axb5 axb5 24. Kh1 Rfd8 25. Qb4
Qh6 26. Rc3 Rxc3 27. bxc3 Ra8 28. Bxb5 Bxb5 29. Qxb5 Qd2 30. Qc6 Rg8 31. Rg1 e4
32. Qxd6 Qxc3 33. f4 e3 34. Qe5+ Qxe5 35. fxe5 Rd8 36. d6 Kg8 37. g3 Ra8 38.
Re1 Ra3 39. d7 Rd3 40. e6 Kf8 41. Rxe3 Rd1+ 42. Kg2 Ke7 43. Kf3 Rd4 44. Ke2 h5
45. Rd3 Re4+ 46. Kf3 Kd8 47. Re3 1-0

[Event "Vaujany 2019 Principal"]
[Site "?"]
[Date "2019.07.11"]
[Round "1.36"]
[White "Fodor, Balazs"]
[Black "Teychene, Jean-Louis"]
[Result "1-0"]
[WhiteElo "2154"]
[BlackElo "1813"]
[PlyCount "89"]

{[%evp 0,89,22,23,25,-9,0,-5,31,37,45,23,28,31,29,27,25,14,27,22,79,74,74,60,
71,62,63,62,61,60,60,50,58,52,79,64,67,72,88,80,110,124,128,1,95,84,88,71,79,
-13,78,89,117,83,65,53,41,85,173,157,157,157,219,167,213,189,233,173,187,209,
170,170,148,87,86,-19,232,225,301,248,248,264,348,357,492,450,704,817,815,1915,
29987,29988]} 1. d4 Nf6 2. c4 e6 3. Nf3 b6 4. a3 Ba6 5. Qc2 Bb7 6. Nc3 c5 7. e3
Be7 8. Bd3 d6 9. d5 exd5 10. cxd5 O-O 11. O-O Ba6 12. e4 Bxd3 13. Qxd3 Nbd7 14.
h3 a6 15. a4 Re8 16. Bf4 Bf8 17. Nd2 Nh5 18. Bh2 Ne5 19. Qe2 g6 20. f4 Nd7 21.
Qd3 Qc7 22. Rae1 Ng7 23. Nf3 c4 24. Qc2 Qc5+ 25. Kh1 Qc7 26. Nd4 Nc5 27. f5
gxf5 28. exf5 Nd3 29. Rxe8 Nxe8 30. f6 Ne5 31. Qd2 Ng6 32. Rf5 Qd7 33. Qf2 Nc7
34. h4 Re8 35. h5 Ne5 36. Rg5+ Kh8 37. Nf5 h6 38. Rg7 Bxg7 39. fxg7+ Kg8 40.
Nxh6+ Kxg7 41. Nf5+ Kh7 42. Qf4 Ne6 43. Qh6+ Kg8 44. Bxe5 dxe5 45. Ne4 1-0

[Event "Vaujany 2019 Principal"]
[Site "?"]
[Date "2019.07.12"]
[Round "2.18"]
[White "Christophe-Hayot, Romain"]
[Black "Varga, Zoltan"]
[Result "0-1"]
[WhiteElo "1712"]
[BlackElo "2445"]
[PlyCount "82"]

{[%evp 0,82,29,24,28,27,78,27,21,16,58,-19,20,-15,-30,-57,-62,-104,-80,-66,-34,
-46,-27,-91,-67,-67,-78,-81,-85,-81,-57,-79,-50,-83,-70,-80,-66,-59,-53,-42,
-48,-48,-41,-46,-34,-56,-62,-71,-52,-49,-27,-27,-34,-34,-33,-59,-45,-38,-41,
-39,-37,-37,-27,-24,-20,-56,-47,-61,-50,-50,-37,-46,-37,-46,67,-53,-65,-82,-88,
-109,-92,-118,-125,-144,-109]} 1. d4 d5 2. Bf4 c5 3. dxc5 Nc6 4. Nf3 f6 5. c3
a5 6. g3 e5 7. Be3 Nge7 8. Bg2 Nf5 9. Qc1 Qe7 10. O-O Be6 11. Re1 Nxe3 12. Qxe3
Qxc5 13. Qxc5 Bxc5 14. e3 O-O 15. Nbd2 Rfd8 16. Rac1 Bf8 17. a4 Rac8 18. Bf1
Bf7 19. Bb5 Na7 20. Be2 g5 21. h3 h5 22. Nh2 Kg7 23. Nhf1 b6 24. Ba6 Rc7 25. e4
dxe4 26. Nxe4 Bg6 27. Rc2 Be7 28. Rd2 Nc6 29. Rxd8 Nxd8 30. Ned2 Bc5 31. Nb3
Ne6 32. Kg2 h4 33. Bb5 hxg3 34. fxg3 Bc2 35. Na1 Bg6 36. Nb3 Rc8 37. Nfd2 Rd8
38. Re2 Be7 39. Bc4 Nc7 40. Nf3 Be8 41. Rd2 Rb8 {...} 0-1

[Event "Vaujany 2019 Principal"]
[Site "Vaujany"]
[Date "2019.07.12"]
[Round "2.1"]
[White "Turov, Maxim"]
[Black "Li, Henry"]
[Result "1-0"]
[WhiteElo "2566"]
[BlackElo "2249"]
[PlyCount "83"]
[EventDate "2019.07.??"]
[EventRounds "9"]

1. d4 Nf6 2. Nf3 g6 3. g3 Bg7 4. Bg2 O-O 5. O-O d6 6. Re1 Nbd7 7. e4 e5 8. Nc3
Re8 9. h3 c6 10. a4 a5 11. Be3 exd4 12. Nxd4 Nc5 13. f3 Ne6 14. Qd2 d5 15. e5
Nd7 16. Nxe6 Rxe6 17. f4 Nb6 18. b3 f6 19. exf6 Qxf6 20. Ne2 d4 21. Bf2 c5 22.
g4 Bd7 23. Bxb7 Ra7 24. Bg2 Bc6 25. Bxc6 Rxc6 26. Ng3 Nd5 27. f5 Qd6 28. Re8+
Kf7 29. Re6 Qc7 30. Ne4 h6 31. Bg3 Qd7 32. Nd6+ Kg8 33. Re8+ Bf8 34. Rxf8+ Kxf8
35. Qxh6+ Qg7 36. Qg5 Qf6 37. Qxf6+ Nxf6 38. fxg6 Kg7 39. Re1 Kxg6 40. Re6 Ra8
41. g5 Rf8 42. h4 1-0

[Event "Vaujany 2019 Principal"]
[Site "?"]
[Date "2019.07.12"]
[Round "2.2"]
[White "O'Gorman, Tom"]
[Black "Bailet, Pierre"]
[Result "0-1"]
[WhiteElo "2227"]
[BlackElo "2494"]
[PlyCount "94"]

{[%evp 0,94,19,38,25,7,30,29,28,3,-1,-1,20,-10,20,-33,8,10,27,12,28,27,48,51,
53,26,46,54,33,25,82,58,30,50,43,50,51,50,43,28,46,20,71,19,42,41,119,4,46,-54,
-69,-85,-54,-59,-59,-274,-224,-117,-51,-5,-85,-95,-75,-48,-67,-67,83,44,-156,
-156,-156,-178,-224,-223,-175,-175,-177,-223,-209,-209,-202,-214,-198,-342,
-363,-369,-383,-372,-376,-416,-381,-416,-437,-437,-438,-454,-462]} 1. e4 e5 2.
Nf3 Nc6 3. Bb5 a6 4. Ba4 Nf6 5. O-O Be7 6. Re1 d6 7. c3 Bg4 8. h3 Bh5 9. d3 Nd7
10. Be3 h6 11. Nbd2 Bg5 12. Nf1 Bxe3 13. Nxe3 O-O 14. Nf5 Nc5 15. Bxc6 bxc6 16.
d4 exd4 17. cxd4 Ne6 18. Qd3 Bg6 19. N3h4 Qf6 20. Qc4 Bh7 21. Re3 Kh8 22. e5
Qd8 23. Rf3 c5 24. g3 d5 25. Qc3 g5 26. Nxh6 gxh4 27. Rf6 Bg6 28. gxh4 Kg7 29.
h5 Rh8 30. hxg6 Rxh6 31. Rxf7+ Kg8 32. Rf6 Nf8 33. Qg3 Qxf6 34. exf6 Rxg6 35.
Rc1 Rxg3+ 36. fxg3 Ne6 37. dxc5 Kf7 38. Rf1 Nxc5 39. g4 Rg8 40. Rf5 c6 41. g5
Ne6 42. h4 Rh8 43. Kf2 Rxh4 44. Kg3 Re4 45. b3 Kg6 46. Rf2 Nxg5 47. Rc2 Re6 0-1

[Event "Vaujany 2019 Principal"]
[Site "Vaujany"]
[Date "2019.07.12"]
[Round "2.3"]
[White "Bokros, Albert"]
[Black "Midoux, Sebastien"]
[Result "1-0"]
[WhiteElo "2472"]
[BlackElo "2242"]
[PlyCount "55"]
[EventDate "2019.07.??"]
[EventRounds "9"]

1. e4 d5 2. exd5 Qxd5 3. Nc3 Qd8 4. d4 g6 5. Nf3 Bg7 6. h3 Nh6 7. Bf4 Nf5 8.
Be5 O-O 9. Bxg7 Kxg7 10. Qd2 b6 11. O-O-O Bb7 12. Be2 e6 13. Rhe1 Nd7 14. g4
Ne7 15. g5 Rb8 16. Qf4 Nd5 17. Nxd5 Bxd5 18. c4 Ba8 19. h4 f6 20. Qg3 Bxf3 21.
Bxf3 fxg5 22. hxg5 Rf5 23. Rxe6 Rxg5 24. Qh4 Nf8 25. Re4 Qf6 26. Bg4 Qd8 27. f4
Ra5 28. Re7+ 1-0

[Event "Vaujany 2019 Principal"]
[Site "?"]
[Date "2019.07.12"]
[Round "2.4"]
[White "Khachatryan, Samvel M."]
[Black "Horváth, József"]
[Result "0-1"]
[WhiteElo "2194"]
[BlackElo "2451"]
[PlyCount "144"]

1. e4 c5 2. Nc3 a6 3. Nf3 e6 4. d4 cxd4 5. Nxd4 Qc7 6. a3 Nf6 7. Be3 b5 8. Be2
Bb7 9. f3 d5 10. exd5 Nxd5 11. Nxd5 Bxd5 12. O-O Nd7 13. f4 Nb6 14. Bf3 Rd8 15.
Kh1 Nc4 16. Qe2 Be7 17. c3 O-O 18. Bg1 Bf6 19. Bxd5 Rxd5 20. Rad1 Rfd8 21. Rd3
h6 22. Rdd1 Na5 23. Be3 Qc4 24. Rde1 R8d7 25. Bg1 Bxd4 26. Bxd4 Nc6 27. Qxc4
bxc4 28. Be3 h5 29. Kg1 Ne7 30. Kf2 e5 31. fxe5 Rxe5 32. Bd4 Rb5 33. Re2 Nf5
34. Rd1 f6 35. Rdd2 Kf7 36. Be3 Rdb7 37. Bd4 g5 38. Be3 Kg6 39. Bd4 h4 40. Be3
Rb8 41. Bd4 R8b7 42. Be3 a5 43. Bd4 Nxd4 44. Rxd4 Rxb2 45. Rxc4 R2b5 46. a4
Rf5+ 47. Ke3 Rb1 48. h3 Rg1 49. Re4 Rc5 50. Rc2 Rd1 51. Rd4 Re1+ 52. Kf2 Re7
53. c4 Rf5+ 54. Kg1 Re1+ 55. Kh2 Rff1 56. g4 hxg3+ 57. Kxg3 f5 58. Rd6+ Kh5 59.
Rd8 f4+ 60. Kh2 Rh1+ 61. Kg2 Reg1+ 62. Kf2 Rh2+ 63. Kxg1 Rxc2 64. Rh8+ Kg6 65.
Rc8 Kf5 66. Rc5+ Ke4 67. Rxa5 g4 68. hxg4 Kf3 69. Rb5 Kg3 70. Rb1 f3 71. Rf1
Rg2+ 72. Kh1 f2 0-1

[Event "Vaujany 2019 Principal"]
[Site "Vaujany"]
[Date "2019.07.12"]
[Round "2.5"]
[White "Womacka, Mathias"]
[Black "Geher, Koppany"]
[Result "0-1"]
[WhiteElo "2449"]
[BlackElo "2211"]
[PlyCount "78"]
[EventDate "2019.07.??"]
[EventRounds "9"]

1. e4 c5 2. Nf3 Nc6 3. d4 cxd4 4. Nxd4 Qb6 5. Nb3 Nf6 6. Nc3 e6 7. Bd3 Be7 8.
O-O O-O 9. Kh1 a6 10. f4 d6 11. Qf3 Qc7 12. Bd2 b5 13. Rae1 Bb7 14. Qh3 Rad8
15. f5 exf5 16. Nd5 Nxd5 17. exd5 Ne5 18. Ba5 Qb8 19. Nd4 Rde8 20. Nxf5 g6 21.
Bc3 Bc8 22. Nxe7+ Rxe7 23. Qh4 Rfe8 24. Qf6 Qc7 25. Re4 Qd8 26. Rfe1 Bf5 27.
Rxe5 Rxe5 28. Rxe5 dxe5 29. Qc6 Bxd3 30. cxd3 Qc8 31. Qf6 b4 32. Bd2 Qc2 33.
Be3 Qxd3 34. Qc6 Qb5 35. Qd6 Qf1+ 36. Bg1 e4 37. a4 bxa3 38. bxa3 e3 39. Qc6
Qb5 0-1

[Event "Vaujany 2019 Principal"]
[Site "Vaujany"]
[Date "2019.07.12"]
[Round "2.6"]
[White "Bressy, Theo"]
[Black "Sundararajan, Kidambi"]
[Result "0-1"]
[WhiteElo "2182"]
[BlackElo "2413"]
[PlyCount "66"]
[EventDate "2019.07.??"]
[EventRounds "9"]

1. e4 e5 2. Nf3 d6 3. d4 exd4 4. Nxd4 Nf6 5. Nc3 Be7 6. Be2 O-O 7. O-O Re8 8.
f4 Bf8 9. Bf3 c6 10. a4 a5 11. g4 Na6 12. g5 Nd7 13. Bg2 Ndc5 14. f5 Nb4 15.
Qh5 g6 16. Qf3 Bg7 17. f6 Bf8 18. Rf2 d5 19. exd5 Re1+ 20. Rf1 Rxf1+ 21. Kxf1
cxd5 22. Nxd5 Ne6 23. Nxe6 Bxe6 24. Nxb4 axb4 25. Be3 Ra5 26. Kg1 Qc8 27. Rc1
Re5 28. Bf4 Bd5 29. Qg3 Qc5+ 30. Kh1 Re2 31. Bxd5 Qxd5+ 32. Kg1 Bc5+ 33. Kf1
Re8 0-1

[Event "Vaujany 2019 Principal"]
[Site "?"]
[Date "2019.07.12"]
[Round "2.7"]
[White "Migot, Tongi"]
[Black "Kranzl, Julien"]
[Result "1/2-1/2"]
[WhiteElo "2407"]
[BlackElo "2203"]
[PlyCount "65"]

{[%evp 0,65,30,35,57,19,22,21,18,1,44,17,22,17,4,-11,-11,-10,-15,-10,3,-1,15,
-22,-12,-3,-15,-4,-29,-32,-44,-32,-34,-18,-16,-11,10,-6,-9,-21,-7,-55,-26,0,31,
31,15,15,64,86,82,82,52,66,44,44,60,33,18,20,27,18,24,24,24,20,31,21]} 1. e4 e6
2. Qe2 c5 3. Nf3 Nc6 4. g3 g6 5. Bg2 Bg7 6. O-O Nge7 7. c3 d5 8. d3 h6 9. Na3
a6 10. Nc2 O-O 11. h4 e5 12. exd5 Nxd5 13. Ne3 Be6 14. Nc4 Bg4 15. a4 Re8 16.
a5 Nf6 17. Qc2 Qc7 18. Re1 Rad8 19. Be3 Bf5 20. Red1 e4 21. dxe4 Bxe4 22. Qa4
Rxd1+ 23. Rxd1 Rd8 24. Bxc5 Rxd1+ 25. Qxd1 Nxa5 26. Qd6 Qxd6 27. Nxd6 Bd5 28.
Nc8 Nc6 29. Nb6 Be4 30. Nd2 Bxg2 31. Kxg2 Ne5 32. Bd4 Nfd7 33. Nxd7 1/2-1/2

[Event "Vaujany 2019 Principal"]
[Site "Vaujany"]
[Date "2019.07.12"]
[Round "2.8"]
[White "Gaborit, Jean-Pierre"]
[Black "Neelotpal, Das"]
[Result "0-1"]
[WhiteElo "2180"]
[BlackElo "2406"]
[PlyCount "88"]
[EventDate "2019.07.??"]
[EventRounds "9"]

1. d4 d5 2. Bg5 f6 3. Bd2 Nc6 4. e3 e5 5. Bb5 exd4 6. exd4 a6 7. Bxc6+ bxc6 8.
Ne2 Ne7 9. Bb4 Rb8 10. c3 Ng6 11. Bxf8 Rxf8 12. b4 a5 13. a3 Kf7 14. O-O Re8
15. Re1 Ra8 16. bxa5 Qe7 17. Nd2 Rxa5 18. a4 Ra8 19. Nb3 Bg4 20. Qd2 Bxe2 21.
Nc1 Qd6 22. Nxe2 c5 23. g3 c4 24. h4 h5 25. Reb1 Re4 26. Kf1 Qd7 27. Ng1 Rxa4
28. Rxa4 Qxa4 29. Qd1 Qxd1+ 30. Rxd1 Re8 31. Ra1 Ke6 32. Ra6+ Kd7 33. Ra5 Kc6
34. Rc5+ Kd6 35. Ra5 Rb8 36. Ne2 Ne7 37. f3 g5 38. hxg5 fxg5 39. Kf2 Rb2 40. g4
h4 41. Ra8 Ng6 42. Ke3 h3 43. Ra1 Rc2 44. Rh1 Ke6 0-1